This is the law (Record no. 67422)
[ view plain ]
| 000 -LEADER | |
|---|---|
| fixed length control field | 01205cam a2200229 4500 |
| 001 - CONTROL NUMBER | |
| control field | X113212 |
| 008 - FIXED-LENGTH DATA ELEMENTS--GENERAL INFORMATION | |
| fixed length control field | 000000n2001 000 0 eng u |
| 035 ## - SYSTEM CONTROL NUMBER | |
| System control number | (Sirsi) u113212 |
| 100 ## - MAIN ENTRY--PERSONAL NAME | |
| Personal name | Bryant, J. |
| 245 ## - TITLE STATEMENT | |
| Title | This is the law |
| 260 ## - PUBLICATION, DISTRIBUTION, ETC. | |
| Date of publication, distribution, etc. | 2001 |
| 490 ## - SERIES STATEMENT | |
| Series statement | Housing Today |
| Volume/sequential designation | (236) 31 May 2001, 12(1) |
| 520 ## - SUMMARY, ETC. | |
| Summary, etc. | Outlines the provisions of the Housing Act 1988 s13 which lays down a procedure to be followed in assured periodic tenancies except where a provision specifying when the rent will be increased and how much by, or by what formula, exists. Where no such 'provision' is made the landlord must serve notice in the prescribed form, laid down by statutory instrument, proposing that a new rent from a date not less than one year after the beginning of the tenancy or the last rent increase. Any error in the way in which the increase is implemented could leave the Landlord facing large bills or legal action. |
| 650 ## - SUBJECT ADDED ENTRY--TOPICAL TERM | |
| Topical term or geographic name entry element | ASSURED PERIODIC TENANCIES |
| 650 ## - SUBJECT ADDED ENTRY--TOPICAL TERM | |
| Topical term or geographic name entry element | HOUSING ACT 1988 S13 |
| 650 ## - SUBJECT ADDED ENTRY--TOPICAL TERM | |
| Topical term or geographic name entry element | PERIODIC TENANCIES |
| 650 ## - SUBJECT ADDED ENTRY--TOPICAL TERM | |
| Topical term or geographic name entry element | PRESCRIBED FORM |
| 650 ## - SUBJECT ADDED ENTRY--TOPICAL TERM | |
| Topical term or geographic name entry element | REGISTERED SOCIAL LANDLORDS |
| 650 ## - SUBJECT ADDED ENTRY--TOPICAL TERM | |
| Topical term or geographic name entry element | RENT INCREASES |
| 690 ## - LOCAL SUBJECT ADDED ENTRY--TOPICAL TERM (OCLC, RLIN) | |
| Topical term or geographic name as entry element | LANDLORD AND TENANT-RENT REVIEWS |
| 942 ## - ADDED ENTRY ELEMENTS (KOHA) | |
| Suppress in OPAC | 0 |
| Withdrawn status | Lost status | Source of classification or shelving scheme | Damaged status | Not for loan | Home library | Current library | Shelving location | Date acquired | Total Checkouts | Full call number | Barcode | Date last seen | Copy number | Price effective from | Koha item type |
|---|---|---|---|---|---|---|---|---|---|---|---|---|---|---|---|
| Dewey Decimal Classification | London | London | Journal article | 21/06/2001 | X113212 | 113212-1001 | 06/08/2019 | 1 | 06/08/2019 | Journal article |